|
|
|
|
| LEADER |
01118nam a2200289 u 4500 |
| 001 |
10054848 |
| 003 |
upatras |
| 005 |
20210117200715.0 |
| 008 |
050630s1990 ne eng |
| 020 |
|
|
|a 0444874739
|
| 040 |
|
|
|a GR-PaULI
|c GR-PaULI
|
| 041 |
0 |
|
|a eng
|
| 082 |
0 |
4 |
|a 519.2
|
| 100 |
1 |
|
|a Heyman, D.P.
|9 47288
|
| 245 |
1 |
0 |
|a Stochastic models
|c edited by D.P. Heyman and M.J. Sobel
|
| 260 |
|
|
|a Amsterdam
|b North-Holland
|c 1990
|
| 300 |
|
|
|a xv, 723 p.
|c 25 cm.
|
| 490 |
0 |
|
|a Handbooks in operations research and management science
|v 2
|
| 504 |
|
|
|a Includes bibliographical references and index
|
| 650 |
|
4 |
|a Στοχαστικές διαδικασίες
|9 19
|
| 700 |
1 |
|
|a Sobel, M.J.
|9 47289
|
| 760 |
1 |
|
|a Handbooks in operations research and management science
|g 2
|
| 852 |
|
|
|a GR-PaULI
|b ΠΑΤΡΑ
|b ΒΚΠ
|b ΒΣ1
|k ΑΣΧΞ
|h 519.2 HEY
|m 079205
|p 025000115373
|t 1
|
| 942 |
|
|
|2 ddc
|c BK15
|
| 952 |
|
|
|0 0
|1 0
|4 0
|6 519_200000000000000_HEY
|7 0
|9 49577
|a LISP
|b LISP
|c BSC
|d 2016-04-24
|i 079205
|l 0
|o 519.2 HEY
|p 025000115373
|r 2016-04-24 00:00:00
|t 1
|w 2016-04-24
|y BK15
|
| 998 |
|
|
|c ΒΑΣΙΛΕΙΟΥ
|d 2005-08
|
| 999 |
|
|
|c 31404
|d 31404
|